000 00311nam a22001337a 4500
008 181206b xxu||||| |||| 00| 0 eng d
020 _a9780697120014
041 _aeng
080 _a541
100 _a12
101 _aKIM
245 _aInorganic, Organic & Biological Chemistry
_cCaret,R,I
942 _2udc
_cBK
999 _c52936
_d52936